Elenca la formazione - Quiz n°324 - Statistics

Statistiche generali
  • Questo quiz è stato fatto 87 volte
  • Il punteggio medio è 8 su 11
Statistiche sulle risposte
Ruolo Club dell'epoca Calciatore % Corretto
Portiere Napoli Pepe Reina
99%
Difensore Real Madrid Sergio Ramos
96%
Centrocampista Barcellona Andrés Iniesta
93%
Difensore Napoli Raúl Albiol
91%
Attaccante Chelsea Fernando Torres
89%
Centrocampista Atletico Madrid Koke
80%
Centrocampista Real Madrid Xabi Alonso
78%
Difensore Barcellona Jordi Alba
66%
Difensore Atletico Madrid Juanfran
57%
Attaccante Atletico Madrid David Villa
50%
Attaccante Arsenal Santi Cazorla
38%
Nessun quiz corrispondente trovato
Distribuzione punteggi
Percentuale di utenti per punteggio
Percentile per numero di risposta
I tuoi punteggi nel tempo
Non hai fatto questo quiz